1306 1925 1148 1326 1232 1355 1886 1180 1210 1836 1331 1617 1696 1325 1406 1562 1286 1406 1198 1500 1863 1634 1627 1672 1161 1374 1609 1470 1079 1557 1035 1198 1605 1756 1336 1233 1110 1949 1681 1573 1128 1335 1937 1041 1600 1503 1718 1956 1306 1125 1967 1843 1225 1813 1412 1748 1332 1276 1888 1286 1916 1122 1490 1956 1790 1439 1441 1833 1073 1573 1031 1024 1404 1633 1619 1780 1708 1168 1980 1995 1206 1526 1716 1313 1005 1274 1207 1401 1601 1903 1954 1755 1584 1859 1047 1333 1287 1900 1218 BCNSPRNW ULIB Ver.6.0+V

เปลี่ยนเป็นภาษาไทย

Change to English
 แสดงรายละเอียดบรรณานุกรม
  กลับหน้าหลัก

Brief Record : Get Marc (ISO 2709) : E-mail record : QR code < ปิดหน้าต่าง
LEADER : 00000nam 2200000uu 4500
001    13399111251
003     ULIB
008    110621s1999||||th 000 0 eng d
020    0071054790 (alk. paper)
060 04 WY160^bP974 1999
245 00 Psychiatric nursing :^ban integration of theory andpractice /^c[edited by] Patricia G. O Brien, Winifred Z. Kennedy, Karen A. Ballard
260    New York :^bMcGraw - Hill,^c1999
300    xi, 632 p. :^bill.
650  2 Mental Disorders^xNursing
650  2 Psychiatric Nursing^xMethods
700 1  O Brien, Patricia G.
700 1  Kennedy, Winifred Z.
700 1  Ballard, Karen A.
945    ^p0^l0^i011415
995     Kesorn
999 ^a ใช้งานได้ทุกระบบ
รายการนี้ยังไม่มีแท็ก
คุณยังไม่ได้ล็อกอิน คุณสามารถมีกิจกรรมร่วมกับเว็บไซต์ได้ แต่ต้องล็อกอินก่อน ::
  ล็อกอิน

รายการสื่อสารสนเทศ

ลำดับที่ ประเภท เลขเรียก/บาร์โค้ด สถานที่ สถานะ
- ไม่พบข้อมูล -

รายการใกล้เคียง
    หัวเรื่อง [Mental Disorders Nursing]

BibComment


ยังไม่เคยถูกคอมเมนท์

คอมเมนท์ทรัพยากรรายการนี้
  คอมเมนท์: Psychiatric nursi..


 Copyright 2026. Bcnsprnw @Library